000 02321nam a2200253 a 4500
001 ASIN3642647596
003 Nust- CAS-E
005 20180118181401.0
008 140820s2011 xxu eng d
020 _a3642647596
_c$99.00
020 _a9783642647598
040 _c0
082 _a621.31
_bSOL 2011
245 1 0 _aSolar power plants :
_bfundamentals, technology, systems, economics /
_cC.-J. Winter, Rudolf L. Sizmann, Lorin L. Vant-Hull.
250 _aSoftcover reprint of the original 1st ed. 1991.
260 _a[S.l.] :
_bSpringer,
_c2011.
300 _a425 p. ;
_c24 cm.
520 _aIn the introductory and concluding chapters this book strive to satisfy the needs of the interested lay reader by addressing the potential, advantages, and costs of solar power plants. For the interested student, scientist, or technically oriented lay person the physical principles of insolation, its variability, concentration, and most efficient use are developed in some detail. Finally, experimental and theoretical developments in the recently created field of solar driven chemistry (via thermal, quantum, or electrical excitation) are described. The contributions in this book are written by leading solar scientists and engineering experts whose extensive background and experience in solar energy lend authenticity and completeness to the book. Design aspects of, and results from large experimental and demonstration plants are described by individuals who were directly involved in the design and testing of many of these plants. Consideration of the viability and future economics of large-scale solar power generation provides an outlook on the energy contributions which can be expected from an optional future supply of abundant and renewable energy, having little impact on the environment. This provides the rationale for the continued commitment to the development of solar power technologies by researchers, engineers, and industry. The eventual depletion of, or future political attacks on our energy supply will have less serious impact once this renewable option is in place.
700 1 _aWinter, C.-J.
700 1 _aSizmann, Rudolf L.
700 1 _aVant-Hull, Lorin L.
856 4 0 _3Amazon.com
_uhttp://www.amazon.com/exec/obidos/ASIN/3642647596/chopaconline-20
942 _2ddc
_cBK
999 _c355416
_d355416